000 00291nam a2200121Ia 4500
008 230411s9999 xx 000 0 und d
041 _aeng
082 _aB/612.015/DEB/B02533
100 _aDeb A C
245 _aFundamentals of Biochemistry
260 _bCentral
999 _c153715
_d153715